<?xml version="1.0" encoding="UTF-8"?><?xml-stylesheet type="text/xsl" href="static/style.xsl"?><OAI-PMH xmlns="http://www.openarchives.org/OAI/2.0/" xmlns:xsi="http://www.w3.org/2001/XMLSchema-instance" xsi:schemaLocation="http://www.openarchives.org/OAI/2.0/ http://www.openarchives.org/OAI/2.0/OAI-PMH.xsd"><responseDate>2026-04-17T07:53:44Z</responseDate><request verb="GetRecord" identifier="oai:www.recercat.cat:2117/345702" metadataPrefix="marc">https://recercat.cat/oai/request</request><GetRecord><record><header><identifier>oai:recercat.cat:2117/345702</identifier><datestamp>2025-07-17T15:32:36Z</datestamp><setSpec>com_2072_1033</setSpec><setSpec>col_2072_452951</setSpec></header><metadata><record xmlns="http://www.loc.gov/MARC21/slim" xmlns:dcterms="http://purl.org/dc/terms/" xmlns:xsi="http://www.w3.org/2001/XMLSchema-instance" xmlns:doc="http://www.lyncode.com/xoai" xsi:schemaLocation="http://www.loc.gov/MARC21/slim http://www.loc.gov/standards/marcxml/schema/MARC21slim.xsd">
   <leader>00925njm 22002777a 4500</leader>
   <datafield ind2=" " ind1=" " tag="042">
      <subfield code="a">dc</subfield>
   </datafield>
   <datafield ind2=" " ind1=" " tag="720">
      <subfield code="a">Baeza Gómez, Pablo</subfield>
      <subfield code="e">author</subfield>
   </datafield>
   <datafield ind2=" " ind1=" " tag="260">
      <subfield code="c">2007</subfield>
   </datafield>
   <datafield ind2=" " ind1=" " tag="520">
      <subfield code="a">La charla de acogida de seguridad, o charla operacional, poco a poco se ha ido adoptando como habitual en las empresas que inician un plan de protección de los recursos operacional o programa de control de pérdidas.&#xd;
La charla permite demostrar el grado de compromiso de la empresa con la seguridad y los trabajadores, en ella se permite analizar situaciones que pueden llegar a un accidente. Lo habitual es que en ella el supervisor a cargo de ejecutar el trabajo, analice el trabajo del día, comente los riesgos que en ella existen y sus formas de control.&#xd;
La charla de acogida es una instancia de participación de todos los trabajadores, ya que es el momento adecuado para dar sus opiniones, experiencias o aportes del trabajo que se va ha realizar.</subfield>
   </datafield>
   <datafield tag="653" ind2=" " ind1=" ">
      <subfield code="a">Àrees temàtiques de la UPC::Edificació::Seguretat en la construcció</subfield>
   </datafield>
   <datafield tag="653" ind2=" " ind1=" ">
      <subfield code="a">Industrial hygiene</subfield>
   </datafield>
   <datafield tag="653" ind2=" " ind1=" ">
      <subfield code="a">Building -- Safety measures</subfield>
   </datafield>
   <datafield tag="653" ind2=" " ind1=" ">
      <subfield code="a">Salut en el treball</subfield>
   </datafield>
   <datafield tag="653" ind2=" " ind1=" ">
      <subfield code="a">Construcció -- Mesures de seguretat</subfield>
   </datafield>
   <datafield ind2="0" ind1="0" tag="245">
      <subfield code="a">Charla de acogida en los distintos oficios de la construcción</subfield>
   </datafield>
</record></metadata></record></GetRecord></OAI-PMH>